| 000 | 00503nam a2200181Ia 4500 | ||
|---|---|---|---|
| 001 | 8568 | ||
| 005 | 20260306160619.0 | ||
| 008 | 260306t2008||||xx |||||||||||||| ||spa|| | ||
| 041 | _aESP | ||
| 082 |
_a371.132 _bA82 |
||
| 100 |
_aPontes Pedrajas, Alfonso (coord.) _eAUT |
||
| 245 | 0 | _aAspectos generales de la formación psicopedagógica del profesorado de educación secundaria | |
| 260 | _c2008 | ||
| 300 |
_a600 páginas : _c24 cm. |
||
| 650 | _aGEN | ||
| 654 | _aCED | ||
| 942 |
_cLIB _dJUS _fJUS _2ddc _n |
||
| 999 |
_c8568 _d8568 |
||